La vocación y las vocaciones en el Vaticano II / (Record no. 127045)

MARC details
000 -LEADER
campo de control de longitud fija 00481nam a2200157 4500
001 - NÚMERO DE CONTROL
campo de control 127045
003 - IDENTIFICADOR DE NÚMERO DE CONTROL
campo de control ES-MaACL
005 - FECHA Y HORA DE LA ÚLTIMA TRANSACCIÓN
campo de control 20230906192931.0
007 - CAMPO FIJO DE DESCRIPCIÓN FÍSICA--INFORMACIÓN GENERAL
campo de control de longitud fija t|
008 - DATOS DE LONGITUD FIJA--INFORMACIÓN GENERAL
campo de control de longitud fija 070214s1969 sp r ||||1| spa d
100 1# - ENTRADA PRINCIPAL--NOMBRE DE PERSONA
Nombre de persona Ribot, Luis Antonio.
9 (RLIN) 96835
245 13 - MENCIÓN DEL TÍTULO
Título La vocación y las vocaciones en el Vaticano II /
Mención de responsabilidad, etc. P. Luis Antonio Ribot, S. J.
260 ## - PUBLICACIÓN, DISTRIBUCIÓN, ETC.
Lugar de publicación, distribución, etc. Valladolid :
Nombre del editor, distribuidor, etc. [s. n.],
Fecha de publicación, distribución, etc. 1969 (
Fabricante Gráf. A. Martín)
300 ## - DESCRIPCIÓN FÍSICA
Extensión 64 p. :
Otras características físicas 16 cm.
852 ## - LOCALIZACIÓN
Ubicación ES-MaACL
Número de control de estantería C-36890
Sublocalización o colección R.71151
Holdings
Estatus retirado Estado de pérdida Estado de daño No para préstamo Biblioteca de origen Biblioteca actual Ubicación en estantería Fecha de adquisición Fuente de adquisición Total de préstamos Signatura topográfica completa Código de barras Visto por última vez Precio de reemplazo Tipo de ítem Koha
        Biblioteca del Ateneo de Madrid Biblioteca del Ateneo de Madrid Depósito 2 17/01/2008     C-36890 1132323 23/02/2023 23/02/2023 Libro impreso